Hrm in europe : (Record no. 346048)
[ view plain ]
| 000 -LEADER | |
|---|---|
| fixed length control field | 02157 a2200277 4500 |
| 003 - CONTROL NUMBER IDENTIFIER | |
| control field | OSt |
| 005 - DATE AND TIME OF LATEST TRANSACTION | |
| control field | 20180116182805.0 |
| 008 - FIXED-LENGTH DATA ELEMENTS--GENERAL INFORMATION | |
| fixed length control field | 160427b xxu||||| |||| 00| 0 eng d |
| 020 ## - INTERNATIONAL STANDARD BOOK NUMBER | |
| International Standard Book Number | 0750647175 |
| 020 ## - INTERNATIONAL STANDARD BOOK NUMBER | |
| International Standard Book Number | 9780750647175 |
| 040 ## - CATALOGING SOURCE | |
| Transcribing agency | 0 |
| 082 04 - DEWEY DECIMAL CLASSIFICATION NUMBER | |
| Classification number | 658.30094 |
| 100 ## - MAIN ENTRY--PERSONAL NAME | |
| Personal name | Brewster, Chris. |
| 245 00 - TITLE STATEMENT | |
| Title | Hrm in europe : |
| Remainder of title | evidence of convergence? |
| 250 ## - EDITION STATEMENT | |
| Edition statement | 1st ed. |
| 260 ## - PUBLICATION, DISTRIBUTION, ETC. | |
| Place of publication, distribution, etc. | [S.l.] : |
| Name of publisher, distributor, etc. | Butterworth-Heinemann, |
| Date of publication, distribution, etc. | 2004. |
| 300 ## - PHYSICAL DESCRIPTION | |
| Extent | 496 p. ; |
| Dimensions | 25 cm. |
| 500 ## - GENERAL NOTE | |
| General note | Paperback. |
| 520 ## - SUMMARY, ETC. | |
| Summary, etc. | The increasing number of cross-border alliances and mergers both within Europe and between Europe and other parts of the world have made it imperative for students of management to have a thorough understanding of the European context for human resource management (HRM). This book enables managers and students to become "fluent" in the many various environments, approaches and practices that exist across Europe for managing human resources. The text employs comprehensive comparable representative data collected longitudinally during the last decade and it also draws directly on the expertise of leading HRM scholars. Entirely fresh analyses of HRM in Europe, based on new and hitherto unpublished data are presented and this analysis is critically important for students, researchers and also for practitioners. The book is divided into three parts: concepts and theoretical issues , trends in relation to these issues and comparisons between individual countries, and summaries and conclusions on the issue of convergence and divergence. * Offers a thorough evidence based approach drawing directly on the expertise of leading HRM scholars * Introduces entirely fresh analyses based on new and hitherto unpublished data * Provides a clear framework and structure for students, researchers and practitioners. |
| 700 1# - ADDED ENTRY--PERSONAL NAME | |
| Personal name | Brewster, Chris. |
| 700 1# - ADDED ENTRY--PERSONAL NAME | |
| Personal name | Mayrhofer, Wolfgang. |
| 700 1# - ADDED ENTRY--PERSONAL NAME | |
| Personal name | Morley, Michael. |
| 856 40 - ELECTRONIC LOCATION AND ACCESS | |
| Materials specified | Amazon.com |
| Uniform Resource Identifier | <a href="http://www.amazon.com/exec/obidos/ASIN/0750647175/chopaconline-20">http://www.amazon.com/exec/obidos/ASIN/0750647175/chopaconline-20</a> |
| 856 40 - ELECTRONIC LOCATION AND ACCESS | |
| Materials specified | Amazon customer reviews |
| Uniform Resource Identifier | <a href="http://www.chopac.org/cgi-bin/tools/azrev.pl?q=0750647175">http://www.chopac.org/cgi-bin/tools/azrev.pl?q=0750647175</a> |
| 942 ## - ADDED ENTRY ELEMENTS (KOHA) | |
| Institution code [OBSOLETE] | NBS |
| Koha item type | Book |
| Call number prefix | 658.404 WES |
| Source of classification or shelving scheme | |
| Withdrawn status | Lost status | Damaged status | Not for loan | Permanent Location | Current Location | Date acquired | Total Checkouts | Full call number | Barcode | Date last seen | Price effective from | Koha item type |
|---|---|---|---|---|---|---|---|---|---|---|---|---|
| Central Library (CL) | Central Library (CL) | 08/28/2013 | 658.404 WES | NBS6761 | 08/28/2013 | 08/28/2013 | Book |
